Części Ciała - Quiz - Statystyki

Ogólne statystyki
  • Ten quiz został rozwiązany 35 razy
  • Średni wynik to 12 z 20
Statystyki odpowiedzi
Opis Część ciała % Poprawnych
Tylna część szyi Kark
93%
Blizna po pępowinie na brzuchu Pępek
87%
Największa tętnica w całym ciele Aorta
80%
Rurka doprowadzająca pokarm do żołądka Przełyk
77%
Przednie zęby Siekacze
77%
Dolna szczęka Żuchwa
77%
Kość w środku klatki piersiowej Mostek
73%
Narząd produkujący insulinę Trzustka
73%
Kość w kolanie (jak nazwa warzywa) Rzepka
67%
Narząd magazynujący żółć Wątroba
67%
Pozornie bezużyteczny narząd w pobliżu jelit Wyrostek robaczkowy
60%
Łączy łopatkę z mostkiem Obojczyk
47%
Tylna część gałki ocznej, która wyczuwa światło Siatkówka
47%
Końcowy kręg kręgosłupa Kość ogonowa
43%
Jeden z elementów szkieletu osiowego Kręgosłup
43%
Poszczególne kości, które tworzą powyższy element Kręgi
40%
Spód stopy Podeszwa
40%
Narząd do przechowywania krwi Śledziona
40%
Ta dziwna rzecz, która zwisa nad twoim gardłem Języczek
23%
Femur (po łacinie) Kość udowa
23%
Nie znaleziono quizów pasujących do podanych kryteriów
Rozkład punktacji
Procent ludzi z każdym wynikiem
Percentyl według liczby udzielonych odpowiedzi
Twoja historia wyników
Nie rozwiązałeś tego quizu